header

The higher functional field (Record no. 3852)

MARC details
000 -LEADER
fixed length control field 01372nam a2200349Ia 4500
082 04 - DEWEY DECIMAL CLASSIFICATION NUMBER
Classification number 457/.1
100 1# - MAIN ENTRY--AUTHOR NAME
Personal name Poletto, Cecilia,
245 14 - TITLE STATEMENT
Title The higher functional field
260 ## - PUBLICATION, DISTRIBUTION, ETC. (IMPRINT)
Place of publication New York :
Name of publisher Oxford University Press,
Year of publication 2000.
300 ## - PHYSICAL DESCRIPTION
Number of Pages xii, 207 p.
490 1# - SERIES STATEMENT
Series statement Oxford studies in comparative syntax
650 #0 - SUBJECT ADDED ENTRY--TOPICAL TERM
Topical Term Italian language
Topical Term Italian language.
856 40 - ELECTRONIC LOCATION AND ACCESS
Uniform Resource Identifier http://site.ebrary.com/lib/rucke/Doc?id=10279289

No items available.

© 2026 Rongo University
Contact us: librarian | system librarian | Rongo university